| 000 | 00565 a2200181 4500 | ||
|---|---|---|---|
| 999 |
_c330396 _d330396 |
||
| 003 | Nust | ||
| 005 | 20170705154657.0 | ||
| 008 | 170705b xxu||||| |||| 00| 0 eng d | ||
| 020 | _a9789693502604 | ||
| 040 | _cNust | ||
| 082 |
_a891.4393 _bTAR |
||
| 100 |
_a Tarar , Mustansar Hussain _93135 |
||
| 245 |
_aChik Chok _c Mustansar Hussain Tarar - |
||
| 260 |
_aLahore _bSang-e-Meel _c2003 |
||
| 300 | _a310:p | ||
| 500 | _aHumor satire | ||
| 546 | _aIn Urdu | ||
| 650 |
_aUrdu Literature _9347 |
||
| 880 |
_6100-01\(3\r _aمستنصر حیسن تارڑ |
||
| 880 |
_6245-02\(3\r _aچک چُک _cمستنصر حسین تارڑ |
||
| 880 |
_6260-03\(3\r _aلاہور: _bسنگ میل پبلی کیشنز، _c2003 |
||
| 942 |
_2ddc _cBK |
||